Statistics for Liverpool Player Number Quiz

Click here to take the quiz!

General Stats

  • This quiz has been taken 1,214 times
  • The average score is 22 of 30

Answer Stats

HintAnswer% Correct
Brad Jones1
100%
Clyne2
99%
Jose Enrique3
97%
Gerrard8
97%
Toure4
95%
Lovren6
94%
Fernando Torres9
94%
Benteke9
94%
Gomez12
90%
Sturridge15
88%
Firmino11
87%
Moreno18
86%
Milner7
86%
Coutinho10
84%
Sakho17
81%
Henderson14
80%
Mignolet22
79%
Lallana20
77%
Can23
74%
Origi27
74%
Leiva21
71%
Allen24
68%
Ings28
66%
Skrtel37
58%
Ibe33
57%
Bogdan34
46%
Flanagan38
46%
Balotelli45
45%
Rossiter46
21%
Joao Teixeira53
14%

Score Distribution

Percentile by Number Answered

Percent of People with Each Score

Your Score History

You have not taken this quiz